[Event "GER-ch U25"]
[Site "Oberhof"]
[Date "2010.05.25"]
[Round "4"]
[White "Matschewsky, Justus"]
[Black "Bingert, Tim Niklas"]
[Result "1/2-1/2"]
[WhiteElo "1727"]
[BlackElo "1411"]
[PlyCount "87"]
[EventDate "2010.05.22"]
[EventType "swiss"]
[EventRounds "9"]
[EventCountry "GER"]
[SourceTitle "CBM 136 Extra"]
[Source "ChessBase"]
[SourceDate "2010.07.02"]
[SourceVersion "2"]
[SourceVersionDate "2010.07.15"]
[SourceQuality "1"]

1. e4 c5 2. Nf3 Nc6 3. d4 cxd4 4. Nxd4 g6 5. Nc3 Bg7 6. Be3 Nf6 7. Be2 0-0 8. 0-0 d5 9. exd5 Nxd5 10. Nxd5 Qxd5 11. Bf3 Qc4 12. Nxc6 bxc6 13. c3 Be6 14. Be2 Qd5 15. Qa4 Qd7 16. Rfd1 Qc7 17. Bf3 Rfc8 18. Rd2 a5 19. Rad1 Ra6 20. c4 Raa8 21. c5 Qb7 22. b3 Qa6 23. Bg5 Qb7 24. Bg4 f5 25. Bf3 Rc7 26. Rd8+ Kf7 27. Bf4 Rd7 28. R1xd7 Bxd7 29. Rxa8 Qxa8 30. Bc7 Qa6 31. Qxa5 Qd3 32. Qe1 Bd4 33. Be2 Qc2 34. Bc4+ e6 35. Bd6 Qxa2 36. h3 Qa1 37. Kf1 Kf6 38. Qxa1 Bxa1 39. Ke2 Be5 40. Bxe5+ Kxe5 41. Ke3 g5 42. Kd3 Kf4 43. Kd4 e5+ 44. Kd3 1/2-1/2

[Event "GER-chT U16"]
[Site "Verden an der Aller"]
[Date "2009.12.29"]
[Round "6.3"]
[White "Wenninger, Philipp"]
[Black "Matschewsky, Justus"]
[Result "1-0"]
[WhiteElo "1988"]
[BlackElo "1731"]
[PlyCount "65"]
[EventDate "2009.12.27"]
[EventType "team-swiss"]
[EventRounds "7"]
[EventCountry "GER"]
[SourceTitle "EXT 2022"]
[Source "ChessBase"]
[SourceDate "2021.10.06"]
[SourceVersion "1"]
[SourceVersionDate "2021.10.06"]
[SourceQuality "1"]
[WhiteTeam "Heilbronn U16"]
[BlackTeam "Chemnitz USG U16"]
[WhiteTeamCountry "GER"]
[BlackTeamCountry "GER"]

1. e4 e5 2. Nf3 Nc6 3. Bc4 Bc5 4. b4 Bxb4 5. c3 Ba5 6. d4 exd4 7. 0-0 Nge7 8. Ng5 Ne5 9. Nxf7 Nxf7 10. Bxf7+ Kxf7 11. Qh5+ Ng6 12. Qxa5 d6 13. Bg5 Qd7 14. cxd4 Re8 15. Nc3 c6 16. f3 Kg8 17. d5 c5 18. Qb5 a6 19. Qb6 Ne5 20. a4 Nc4 21. Qb3 Na5 22. Qb2 Qc7 23. Rab1 Rb8 24. Qe2 Bd7 25. Rb2 c4 26. f4 b5 27. axb5 axb5 28. f5 Rf8 29. f6 g6 30. f7+ Rxf7 31. Rxf7 Kxf7 32. Qf3+ Kg8 33. Rf2 1-0

[Event "GER-chT U16"]
[Site "Verden an der Aller"]
[Date "2009.12.27"]
[Round "2.3"]
[White "Neitzel, Mirko"]
[Black "Matschewsky, Justus"]
[Result "0-1"]
[WhiteElo "1873"]
[BlackElo "1731"]
[PlyCount "116"]
[EventDate "2009.12.27"]
[EventType "team-swiss"]
[EventRounds "7"]
[EventCountry "GER"]
[SourceTitle "EXT 2022"]
[Source "ChessBase"]
[SourceDate "2021.10.06"]
[SourceVersion "1"]
[SourceVersionDate "2021.10.06"]
[SourceQuality "1"]
[WhiteTeam "Segeberg SF U16"]
[BlackTeam "Chemnitz USG U16"]
[WhiteTeamCountry "GER"]
[BlackTeamCountry "GER"]

1. c4 e5 2. g3 Bc5 3. Bg2 c6 4. Nc3 Nf6 5. Nf3 d6 6. 0-0 0-0 7. d4 exd4 8. Nxd4 Nbd7 9. Nb3 Bb4 10. Na4 Ne5 11. a3 Ba5 12. Qd4 Bc7 13. Bf4 Be6 14. Nd2 Qe7 15. b3 Rfd8 16. Nf3 Nxf3+ 17. Bxf3 d5 18. Bxc7 Qxc7 19. c5 Bf5 20. Rac1 Re8 21. Nc3 Ne4 22. Nxe4 Bxe4 23. Bxe4 Rxe4 24. Qd3 Rae8 25. Rc2 Qe5 26. Re1 f5 27. b4 a6 28. Kf1 f4 29. Qf3 Rf8 30. Rd2 Re3 31. gxf4 Rxf3 32. fxe5 Rxf2+ 33. Kg1 R2f5 34. Rd3 Rxe5 35. Kg2 Rg5+ 36. Rg3 Rxg3+ 37. hxg3 Re8 38. Kf3 Re4 39. Rc1 Kf7 40. Rc3 Kf6 41. e3 Ke5 42. Rd3 Rc4 43. g4 h6 44. Rb3 Rc1 45. Rd3 Rf1+ 46. Kg2 Rf6 47. Rd4 g6 48. Kg3 Rf1 49. Kg2 Ra1 50. Rd3 Ke4 51. Rb3 Ra2+ 52. Kg3 Re2 53. Rb1 Rxe3+ 54. Kf2 Kf4 55. Rh1 Rxa3 56. Rxh6 Ra2+ 57. Ke1 Rg2 58. Rxg6 Rxg4 0-1

[Event "GER-ch U25 op"]
[Site "Willingen"]
[Date "2009.06.06"]
[Round "9.19"]
[White "Hoepfner, Tim"]
[Black "Matschewsky, Justus"]
[Result "1/2-1/2"]
[WhiteElo "1824"]
[BlackElo "1658"]
[PlyCount "33"]
[EventDate "2009.05.30"]
[EventType "swiss"]
[EventRounds "9"]
[EventCountry "GER"]
[SourceTitle "EXT 2022"]
[Source "ChessBase"]
[SourceDate "2021.10.06"]
[SourceVersion "1"]
[SourceVersionDate "2021.10.06"]
[SourceQuality "1"]

1. d4 Nf6 2. c4 e6 3. g3 Bb4+ 4. Bd2 Bxd2+ 5. Nxd2 d5 6. Ngf3 0-0 7. Bg2 Nbd7 8. 0-0 b6 9. Qc2 c5 10. cxd5 Nxd5 11. Ne4 f5 12. Nc3 Bb7 13. Rad1 Rc8 14. Nxd5 Bxd5 15. Qa4 Rf7 16. Rd2 Re7 17. Rfd1 1/2-1/2

[Event "GER-ch U12"]
[Site "Willingen"]
[Date "2007.06.01"]
[Round "9"]
[White "Duessler, Stefanie"]
[Black "Matschewsky, Justus"]
[Result "1-0"]
[WhiteElo "1563"]
[BlackElo "1413"]
[PlyCount "83"]
[EventDate "2007.05.26"]
[EventType "swiss"]
[EventRounds "11"]
[EventCountry "GER"]
[SourceTitle "CBM 118 Extra"]
[Source "ChessBase"]
[SourceDate "2007.07.04"]
[SourceVersion "1"]
[SourceVersionDate "2007.07.04"]
[SourceQuality "1"]

1. e4 e5 2. Nf3 Nc6 3. Bb5 a6 4. Ba4 Nf6 5. d3 b5 6. Bb3 Be7 7. 0-0 d6 8. c3 Bg4 9. Nbd2 0-0 10. Re1 Na5 11. Bc2 c6 12. Nf1 Qc7 13. Ng3 Rad8 14. h3 Be6 15. Ng5 Nb7 16. f4 exf4 17. Bxf4 Qd7 18. d4 h6 19. Nf3 d5 20. e5 Ne8 21. Qd3 g6 22. Bxh6 Ng7 23. h4 Bg4 24. h5 Nxh5 25. Nxh5 Bxh5 26. Bxf8 Rxf8 27. Kf2 Kg7 28. Rh1 Nd8 29. Rxh5 Ne6 30. Rah1 Rg8 31. Rh7+ Kf8 32. Rh8 Nf4 33. Rxg8+ Kxg8 34. Qd2 Qg4 35. g3 Nh5 36. Rg1 Kg7 37. Bd1 Qh3 38. Rg2 f6 39. g4 fxe5 40. gxh5 Qxh5 41. Nxe5 Bh4+ 42. Kg1 1-0

[Event "GER-ch U12"]
[Site "Willingen"]
[Date "2007.05.29"]
[Round "6"]
[White "Matschewsky, Justus"]
[Black "Oltzen, Aljoscha"]
[Result "1-0"]
[WhiteElo "1413"]
[BlackElo "1199"]
[PlyCount "111"]
[EventDate "2007.05.26"]
[EventType "swiss"]
[EventRounds "11"]
[EventCountry "GER"]
[SourceTitle "CBM 118 Extra"]
[Source "ChessBase"]
[SourceDate "2007.07.04"]
[SourceVersion "1"]
[SourceVersionDate "2007.07.04"]
[SourceQuality "1"]

1. e4 e6 2. d4 d5 3. e5 c5 4. c3 Nc6 5. Nf3 Qb6 6. Bd3 Bd7 7. 0-0 cxd4 8. cxd4 Nge7 9. Bc2 Nf5 10. Bxf5 exf5 11. Nc3 Be6 12. Qd3 Be7 13. Rd1 0-0 14. Ne2 h6 15. Ng3 Rac8 16. Nxf5 Bxf5 17. Qxf5 Nb8 18. b3 Qe6 19. Qxe6 fxe6 20. Bb2 Rc2 21. Rab1 Rfc8 22. Rdc1 Rxc1+ 23. Rxc1 Rxc1+ 24. Bxc1 Nc6 25. Kf1 Nb4 26. Ba3 Bf8 27. Bxb4 Bxb4 28. Ke2 Kf7 29. Ne1 Bxe1 30. Kxe1 Kg6 31. Ke2 Kf5 32. Ke3 g5 33. a4 a5 34. Kf3 h5 35. h3 g4+ 36. hxg4+ hxg4+ 37. Ke3 Kg5 38. g3 Kf5 39. f3 Kg5 40. fxg4 Kxg4 41. Kf2 Kg5 42. Kf3 Kf5 43. g4+ Kg5 44. Kg3 Kg6 45. Kf4 Kh6 46. Kf3 Kg5 47. Kg3 Kg6 48. Kh4 Kh6 49. g5+ Kg6 50. Kg4 Kg7 51. Kh5 Kh7 52. g6+ Kg7 53. Kg5 b6 54. Kh5 Kh8 55. Kh6 Kg8 56. g7 1-0

[Event "Sachsen-ch U12"]
[Site "Sebnitz"]
[Date "2007.04.14"]
[Round "7"]
[White "Matschewsky, Justus"]
[Black "Mueller, Marius"]
[Result "1/2-1/2"]
[WhiteElo "1421"]
[BlackElo "1404"]
[PlyCount "51"]
[EventDate "2007.04.10"]
[EventType "swiss"]
[EventRounds "7"]
[EventCountry "GER"]
[SourceTitle "EXT 2008"]
[Source "ChessBase"]
[SourceDate "2007.11.25"]
[SourceVersion "1"]
[SourceVersionDate "2007.11.25"]
[SourceQuality "1"]

1. e4 d5 2. exd5 Nf6 3. d4 Nxd5 4. c4 Nb6 5. Nf3 g6 6. Nc3 Bg7 7. Be3 c6 8. Be2 0-0 9. 0-0 N8d7 10. Qd2 e5 11. Rad1 Qe7 12. Nxe5 Nxe5 13. dxe5 Bxe5 14. Bh6 Bg7 15. Bxg7 Kxg7 16. Rfe1 Qc7 17. Ne4 Re8 18. Ng3 Be6 19. Qg5 Kh8 20. b3 Qe7 21. Qe5+ f6 22. Qb2 Nd7 23. Bg4 Qf7 24. Rxe6 Rxe6 25. Qd4 Nf8 26. Bxe6 1/2-1/2

[Event "Sachsen-ch U12"]
[Site "Sebnitz"]
[Date "2007.04.13"]
[Round "5"]
[White "Oha, Maximilian"]
[Black "Matschewsky, Justus"]
[Result "1/2-1/2"]
[WhiteElo "1407"]
[BlackElo "1421"]
[PlyCount "44"]
[EventDate "2007.04.10"]
[EventType "swiss"]
[EventRounds "7"]
[EventCountry "GER"]
[SourceTitle "EXT 2008"]
[Source "ChessBase"]
[SourceDate "2007.11.25"]
[SourceVersion "1"]
[SourceVersionDate "2007.11.25"]
[SourceQuality "1"]

1. e4 e5 2. Nf3 Nc6 3. Bc4 Bc5 4. c3 Nf6 5. d4 exd4 6. cxd4 Bb4+ 7. Bd2 Bxd2+ 8. Nbxd2 d5 9. exd5 Nxd5 10. 0-0 0-0 11. Ne5 Nxe5 12. dxe5 Be6 13. Qf3 c6 14. Rfd1 Qg5 15. Qg3 Qxg3 16. hxg3 Rfe8 17. Bd3 Nb4 18. Bb1 Rad8 19. a3 Bb3 20. Bxh7+ Kxh7 21. Nxb3 Nd5 22. Re1 Re7 1/2-1/2

[Event "GER-ch U12"]
[Site "Willingen"]
[Date "2006.06.09"]
[Round "11"]
[White "Schubert, Torsten"]
[Black "Matschewsky, Justus"]
[Result "1-0"]
[WhiteElo "1347"]
[BlackElo "1449"]
[PlyCount "45"]
[EventDate "2006.06.03"]
[EventType "swiss"]
[EventRounds "11"]
[EventCountry "GER"]
[SourceTitle "EXT 2007"]
[Source "ChessBase"]
[SourceDate "2006.11.23"]
[SourceVersion "1"]
[SourceVersionDate "2006.11.23"]
[SourceQuality "1"]

1. e4 e5 2. Nc3 Nf6 3. Bc4 Nxe4 4. Bxf7+ Kxf7 5. Nxe4 Be7 6. Qh5+ g6 7. Qxe5 d6 8. Qf4+ Kg7 9. b3 Bf6 10. Nxf6 Qxf6 11. Qxf6+ Kxf6 12. Bb2+ Kf7 13. Bxh8 Nc6 14. c3 Bh3 15. Nxh3 Rxh8 16. 0-0 h6 17. Nf4 g5 18. Nd5 h5 19. Nxc7 h4 20. f3 Rg8 21. Rae1 Kg7 22. Ne8+ Kh8 23. Re6 1-0

[Event "GER-ch U12"]
[Site "Willingen"]
[Date "2006.06.05"]
[Round "5"]
[White "Titgemeyer, Sven"]
[Black "Matschewsky, Justus"]
[Result "1/2-1/2"]
[WhiteElo "1557"]
[BlackElo "1449"]
[PlyCount "47"]
[EventDate "2006.06.03"]
[EventType "swiss"]
[EventRounds "11"]
[EventCountry "GER"]
[SourceTitle "EXT 2007"]
[Source "ChessBase"]
[SourceDate "2006.11.23"]
[SourceVersion "1"]
[SourceVersionDate "2006.11.23"]
[SourceQuality "1"]

1. e4 e5 2. Nf3 Nc6 3. Bc4 Bc5 4. c3 Nf6 5. d4 exd4 6. e5 d5 7. Bb5 Ne4 8. cxd4 Bb6 9. Qc2 0-0 10. Bxc6 bxc6 11. Qxc6 Ba6 12. Nc3 Nxc3 13. Qxc3 Rc8 14. Be3 c5 15. dxc5 Re8 16. Qa3 Bb7 17. cxb6 d4 18. Rd1 Bxf3 19. gxf3 axb6 20. Rxd4 Qc7 21. Qd6 Qb7 22. Rg1 Re6 23. Qd8+ Re8 24. Qf6 1/2-1/2

[Event "GER-ch U10"]
[Site "Willingen"]
[Date "2005.05.19"]
[Round "9"]
[White "Spilke, Paul"]
[Black "Matschewsky, Justus"]
[Result "0-1"]
[WhiteElo "893"]
[BlackElo "1235"]
[PlyCount "90"]
[EventDate "2005.05.14"]
[EventType "swiss"]
[EventRounds "11"]
[EventCountry "GER"]
[SourceTitle "CBM 106 Extra"]
[Source "ChessBase"]
[SourceDate "2005.07.01"]
[SourceVersion "1"]
[SourceVersionDate "2005.07.01"]
[SourceQuality "1"]

1. e4 e5 2. Nf3 Nc6 3. Bc4 Bc5 4. c3 Nf6 5. d4 exd4 6. cxd4 Bb4+ 7. Nc3 Nxe4 8. 0-0 Bxc3 9. d5 Bf6 10. Re1 0-0 11. Rxe4 Na5 12. Bd3 d6 13. Bd2 b6 14. Qc1 Nb7 15. Bh6 Nc5 16. Ne1 Nxd3 17. Nxd3 Bf5 18. Re3 gxh6 19. Rf3 Bg6 20. Qxh6 Bg7 21. Qd2 Re8 22. h3 Qh4 23. Qc2 Rac8 24. Qc6 Qd8 25. Qc1 Re7 26. Nf4 Bh6 27. Qd1 Bxf4 28. Rxf4 Re5 29. Qg4 Rxd5 30. h4 Kh8 31. Rd4 Rxd4 32. Qxd4+ Kg8 33. Rd1 Qe7 34. Qd2 Qxh4 35. Re1 Qg4 36. g3 Qd7 37. Qh6 Re8 38. Rxe8+ Qxe8 39. Qd2 Qd8 40. Qc3 d5 41. Qd4 c5 42. Qd2 d4 43. b3 d3 44. Kf1 Qd5 45. Ke1 Qh1# 0-1

[Event "GER-ch U10"]
[Site "Willingen"]
[Date "2005.05.18"]
[Round "7"]
[White "Titgemeyer, Sven"]
[Black "Matschewsky, Justus"]
[Result "1/2-1/2"]
[WhiteElo "1041"]
[BlackElo "1235"]
[PlyCount "43"]
[EventDate "2005.05.14"]
[EventType "swiss"]
[EventRounds "11"]
[EventCountry "GER"]
[SourceTitle "CBM 106 Extra"]
[Source "ChessBase"]
[SourceDate "2005.07.01"]
[SourceVersion "1"]
[SourceVersionDate "2005.07.01"]
[SourceQuality "1"]

1. e4 e5 2. Nf3 Nc6 3. Bc4 Bc5 4. c3 Nf6 5. d4 exd4 6. e5 Ng4 7. cxd4 Bb4+ 8. Nc3 d5 9. Bb5 0-0 10. h3 Nh6 11. Bxh6 gxh6 12. 0-0 Bxc3 13. bxc3 Bf5 14. Qd2 h5 15. Bd3 Bxd3 16. Qxd3 Kh8 17. Qd2 Rg8 18. Qh6 Rg7 19. Qxh5 Qd7 20. Rab1 b6 21. Kh2 Rag8 22. Rg1 1/2-1/2

[Event "GER-ch U10"]
[Site "Willingen"]
[Date "2005.05.15"]
[Round "2"]
[White "Zier, Oliver"]
[Black "Matschewsky, Justus"]
[Result "1-0"]
[WhiteElo "1563"]
[BlackElo "1235"]
[PlyCount "67"]
[EventDate "2005.05.14"]
[EventType "swiss"]
[EventRounds "11"]
[EventCountry "GER"]
[SourceTitle "CBM 106 Extra"]
[Source "ChessBase"]
[SourceDate "2005.07.01"]
[SourceVersion "1"]
[SourceVersionDate "2005.07.01"]
[SourceQuality "1"]

1. d4 c5 2. d5 e5 3. c4 d6 4. Nc3 Be7 5. Nf3 Nf6 6. Bg5 0-0 7. e4 Bg4 8. Be3 Qa5 9. Bd3 Re8 10. 0-0 Nbd7 11. h3 Bh5 12. Be2 Bg6 13. Qc2 Rab8 14. Nh4 Rf8 15. Nxg6 fxg6 16. a3 a6 17. b4 cxb4 18. axb4 Qc7 19. Rfc1 Rbc8 20. Ra2 Rfd8 21. Na4 h6 22. c5 dxc5 23. bxc5 Nf8 24. d6 Bxd6 25. cxd6 Qxd6 26. Qb3+ Kh8 27. Rxc8 Rxc8 28. Qxb7 Rb8 29. Qxa6 Qb4 30. Rb2 Qe1+ 31. Bf1 Rxb2 32. Nxb2 Nxe4 33. Nd3 Qc3 34. Qa8 1-0

[Event "Sachsen-ch U10"]
[Site "Sebnitz"]
[Date "2005.03.30"]
[Round "4"]
[White "Oha, Maximilian"]
[Black "Matschewsky, Justus"]
[Result "0-1"]
[WhiteElo "1121"]
[BlackElo "1246"]
[PlyCount "118"]
[EventDate "2005.03.29"]
[EventType "swiss"]
[EventRounds "7"]
[EventCountry "GER"]
[SourceTitle "EXT 2007"]
[Source "ChessBase"]
[SourceDate "2006.11.23"]
[SourceVersion "1"]
[SourceVersionDate "2006.11.23"]
[SourceQuality "1"]

1. e4 e5 2. Nf3 Nc6 3. Bc4 Bc5 4. c3 Nf6 5. d4 exd4 6. cxd4 Bb4+ 7. Bd2 Bxd2+ 8. Nbxd2 d5 9. exd5 Nxd5 10. 0-0 0-0 11. Re1 Bg4 12. Qc2 Qd6 13. Qe4 Nf6 14. Qd3 Rad8 15. Rac1 Nxd4 16. Nxd4 Qxd4 17. Qxd4 Rxd4 18. Nb3 Rd6 19. f3 Bd7 20. Be2 Rc6 21. Rxc6 Bxc6 22. Rd1 Ba4 23. Rd3 Re8 24. Rd2 Bxb3 25. axb3 c6 26. g4 Nd5 27. Kf2 f6 28. Bc4 Rd8 29. h4 Kf8 30. Bxd5 Rxd5 31. Rxd5 cxd5 32. Ke3 Ke7 33. Kd4 Kd6 34. f4 a6 35. f5 h6 36. h5 a5 37. Kc3 Kc5 38. Kd3 b5 39. Kc3 d4+ 40. Kc2 Kb4 41. Kd3 Kxb3 42. Kxd4 a4 43. Kd5 Kxb2 44. Ke6 a3 45. Kf7 a2 46. Kxg7 a1Q 47. Kxh6 Qg1 48. Kg6 Qxg4+ 49. Kxf6 Qxh5 50. Ke6 Qe8+ 51. Kf6 Kc3 52. Kg7 Qe7+ 53. Kg6 Kd4 54. f6 Qf8 55. f7 Ke5 56. Kg5 Qxf7 57. Kg4 Qf4+ 58. Kh5 Qg3 59. Kh6 Kf6 0-1